=LDR 00000nam 2200000 4500 =001 INLIS000000000002722 =005 20130612091039 =008 ***********************************Ind** =035 ##$$0010-061300000002722 =041 ##$$a Ind =082 ##$$a 2X5.4 =090 ##$$a 2X5.4, Tsa p =100 ##$$a Ats-Tsalis, Ibnu Ali Mahfudi =245 ##$$a Panduan lengkap doa kebahagiaan menurut Al-Qur'an dan As-Sunnah, Ibnu Ali Mahfudi Ats-Tsalis =260 ##$$a 1999 $b Yogyakarta =300 ##$$a xvii,213 hlm, 21 cm =650 ##$$a Do'a(islam) =850 ##$$a NBPNMAT